000 00476nam a2200121Ia 4500
008 220615s9999||||xx |||||||||||||| ||und||
100 _aJafari R. Kideghesho||Alfan A. Rija
245 0 _aWildlife Management - Failures, Successes and Prospects
546 _aEnglish[eng]
650 _aLife Sciences||Conservation||Environmental Sciences||Environmental Management
856 _uhttps://www.intechopen.com/books/wildlife-management-failures-successes-and-prospects
942 _cEB
999 _c15661
_d15661